Animal feed impact on food safety : (Record no. 20948)

000 -LEADER
fixed length control field 00675cam a22002057a 4500
020 ## - INTERNATIONAL STANDARD BOOK NUMBER
ISBN 9789251059029 (pbk.)
020 ## - INTERNATIONAL STANDARD BOOK NUMBER
ISBN 9251059020
040 ## - CATALOGING SOURCE
Transcribing agency NLGGC
082 ## - DEWEY DECIMAL CLASSIFICATION NUMBER
Classification number FAO ANI 2008 C132 Or.
245 00 - TITLE STATEMENT
Title Animal feed impact on food safety :
Remainder of title report of the FAO/WHO expert meeting.
260 ## - PUBLICATION, DISTRIBUTION, ETC. (IMPRINT)
Place of publication Rome :
Name of publisher FAO,
Year of publication 2008.
300 ## - PHYSICAL DESCRIPTION
Number of Pages xvii, 54 p. ;
Dimensions 25 cm.
500 ## - GENERAL NOTE
General note Meeting held October 8-12, 2007, in Rome, Italy.
650 #0 - SUBJECT ADDED ENTRY--TOPICAL TERM
Topical Term Feeds
650 #0 - SUBJECT ADDED ENTRY--TOPICAL TERM
Topical Term Food of animal origin
710 2# - ADDED ENTRY--CORPORATE NAME
Corporate name or jurisdiction name as entry element Food and Agriculture Organization of the United Nations
710 2# - ADDED ENTRY--CORPORATE NAME
Corporate name or jurisdiction name as entry element World Health Organization.
856 41 - ELECTRONIC LOCATION AND ACCESS
Uniform Resource Identifier http://www.loc.gov/catdir/toc/fy0805/2008420810.html
942 ## - ADDED ENTRY ELEMENTS (KOHA)
Koha item type ADB
952 ## - LOCATION AND ITEM INFORMATION (KOHA)
Withdrawn status [LOCAL, KOHA] 0
Holdings
Permanent Location Date acquired Koha item type Lost status Shelving location Barcode Current Location Full call number
Library Block A2023-01-18ADB A084a071116Library Block AFAO ANI 2008 A084 Or.
មជ្ឈមណ្ឌលឯការនៃសាកលវិទ្យាល័យភូមិន្ទកសិកម្មចំការដូង

Powered by Koha